000 00632nam a2200205Ia 4500
003 GCL
008 140319s9999 xx 000 0 ara d
040 _aGCL /
_cGCL
082 0 4 _aط
_b423.1
_bم س
100 1 _aماكنلى, ج
245 1 0 _aمعجم الاطفال المصور (الاول) /
_cماكنلى, ج
700 1 _aاريتون . ر (رسوم)
260 _a[S.N] :
_bمكتبة لبنان ،
_c1980
300 _aمتعددة
490 _aسلسلة الانكليزية للاطفال
_v0
650 0 4 _aالاطفال
650 0 4 _aاللغة العربية
650 0 4 _aالمعاجم
942 _2ddc
_cBK
999 _c33094
_d33094